000 00411nam a2200169Ia 4500
003 0STCL
008 150530s9999 xx 000 0 und d
040 _aSTCL
_cSTCL
100 _aBhogle,S.K
245 _aPrinciples of Public Administration
260 _bVenus publishers;Aurangabad
_c1980
_aAurangabad
300 _a0
546 _aEnglish
942 _2ddc
_cBK
999 _c15391
_d15391
005 20220125165729.0